| 000 | 00606nam a22001577a 4500 | ||
|---|---|---|---|
| 003 | OSt | ||
| 005 | 20160225091727.0 | ||
| 008 | 160225b xxu||||| |||| 00| 0 eng d | ||
| 040 | _cRUA | ||
| 082 | _aAGR OUM 2013 B432 Or.1 | ||
| 100 |
_97449 _aOUM AMRIN ; អ៊ុំ អមរិន្ទ |
||
| 245 | _aEffect of calcium carbonate on oyster mushroom spawns , ឥទ្ធិពលកម្រិុតកាល់ស្យូមកាបូណាតលើមេទី២របស់ដំណាំអំបោះ | ||
| 260 |
_aPhnom Penh _bRUA _c2013 |
||
| 300 |
_axi ;40p. _bill. _c29cm. |
||
| 942 |
_2ddc _cAGR |
||
| 999 |
_c7036 _d7036 |
||